UBT Library

Eat to beat cancer / (Record no. 43666)

000 -LEADER
fixed length control field 00720cam a2200229 a 4500
001 - CONTROL NUMBER
control field 3089639
005 - DATE AND TIME OF LATEST TRANSACTION
control field 20180228031803.0
008 - FIXED-LENGTH DATA ELEMENTS--GENERAL INFORMATION
fixed length control field 980724s1998 caua b 001 0 eng
010 ## - LIBRARY OF CONGRESS CONTROL NUMBER
LC control number 98038397
020 ## - INTERNATIONAL STANDARD BOOK NUMBER
International Standard Book Number 1580630332 (alk. paper)
040 ## - CATALOGING SOURCE
Original cataloging agency DLC
Transcribing agency DLC
Modifying agency DLC
041 ## - LANGUAGE CODE
Language code of text/sound track or separate title eng
080 ## - UNIVERSAL DECIMAL CLASSIFICATION NUMBER
Universal Decimal Classification number 616.994052 HAT
082 00 - DEWEY DECIMAL CLASSIFICATION NUMBER
Classification number 616.994052 HAT
Edition number 21
100 1# - Rafti
Rafti 4
101 ## - Shkurtesa
Shkurtesa SHM
245 10 - TITLE STATEMENT
Title Eat to beat cancer /
Statement of responsibility, etc by J. Robert Hatherill.
504 ## - BIBLIOGRAPHY, ETC. NOTE
Bibliography, etc Includes bibliographical references and index.
906 ## - LOCAL DATA ELEMENT F, LDF (RLIN)
a 7
b cbu
c orignew
d 1
e ocip
f 19
g y-gencatlg
942 ## - ADDED ENTRY ELEMENTS (KOHA)
Source of classification or shelving scheme
Item type Books
Holdings
Withdrawn status Lost status Source of classification or shelving scheme Damaged status Not for loan Collection code Permanent location Current location Shelving location Date acquired Total Checkouts Full call number Barcode Date last seen Price effective from Koha item type
          Koleksioni i përgjithshem UBT - Lipjan UBT - Lipjan Koleksioni i përgjithshem 02/28/2018   616.994052 HAT 002-3000394 02/28/2018 02/28/2018 Books
UBT Library © 2015-2024. All rights reserved University Education for Business and Technology